<?xml version="1.0" encoding="UTF-8"?>
<record
    xmlns:xsi="http://www.w3.org/2001/XMLSchema-instance"
    xsi:schemaLocation="http://www.loc.gov/MARC21/slim http://www.loc.gov/standards/marcxml/schema/MARC21slim.xsd"
    xmlns="http://www.loc.gov/MARC21/slim">

  <leader>01186nam2a2200253   4500</leader>
  <controlfield tag="001">RU\NLR\bibl\1252422</controlfield>
  <controlfield tag="005">20250615124256.0</controlfield>
  <datafield tag="010" ind1=" " ind2=" ">
    <subfield code="a">978-5-901841-52-4</subfield>
    <subfield code="9">620</subfield>
  </datafield>
  <datafield tag="021" ind1=" " ind2=" ">
    <subfield code="a">RU</subfield>
    <subfield code="b">2008-39690</subfield>
    <subfield code="9">2188</subfield>
  </datafield>
  <datafield tag="035" ind1=" " ind2=" ">
    <subfield code="a">(NLR Aleph) 001238492</subfield>
  </datafield>
  <datafield tag="090" ind1=" " ind2=" ">
    <subfield code="a">243639</subfield>
    <subfield code="c">243639</subfield>
  </datafield>
  <datafield tag="100" ind1=" " ind2=" ">
    <subfield code="a">20080714d2008    |||y0rusy50      ca</subfield>
  </datafield>
  <datafield tag="101" ind1="0" ind2=" ">
    <subfield code="a">rus</subfield>
  </datafield>
  <datafield tag="102" ind1=" " ind2=" ">
    <subfield code="a">RU</subfield>
  </datafield>
  <datafield tag="105" ind1=" " ind2=" ">
    <subfield code="a">a   |||||||||</subfield>
  </datafield>
  <datafield tag="200" ind1="0" ind2=" ">
    <subfield code="a">1913-1917</subfield>
  </datafield>
  <datafield tag="210" ind1=" " ind2=" ">
    <subfield code="d">2008</subfield>
    <subfield code="a">&#x411;. &#x43C;.</subfield>
  </datafield>
  <datafield tag="215" ind1=" " ind2=" ">
    <subfield code="a">158, [1] &#x441;.</subfield>
    <subfield code="c">&#x444;&#x430;&#x43A;&#x441;.</subfield>
  </datafield>
  <datafield tag="320" ind1=" " ind2=" ">
    <subfield code="a">&#x423;&#x43A;&#x430;&#x437;&#x430;&#x442;&#x435;&#x43B;&#x438;: &#x438;&#x43C;&#x435;&#x43D;, &#x43B;&#x438;&#x446;, &#x438;&#x437;&#x43E;&#x431;&#x440;&#x430;&#x436;. &#x43D;&#x430; &#x43F;&#x43E;&#x440;&#x442;&#x440;&#x435;&#x442;&#x430;&#x445;, &#x443;&#x441;&#x430;&#x434;&#x435;&#x431; &#x438; &#x43E;&#x43A;&#x440;&#x435;&#x441;&#x442;. &#x441;&#x442;&#x43E;&#x43B;&#x438;&#x446;&#x44B;, &#x43F;&#x440;&#x435;&#x434;&#x43C;.-&#x442;&#x435;&#x43C;&#x430;&#x442;.: &#x441;. 123-159</subfield>
  </datafield>
  <datafield tag="461" ind1=" " ind2="0">
    <subfield code="1">001RU\NLR\bibl\1291095</subfield>
    <subfield code="1">2001#$a&#x421;&#x442;&#x43E;&#x43B;&#x438;&#x446;&#x430; &#x438; &#x443;&#x441;&#x430;&#x434;&#x44C;&#x431;&#x430;$v1913-1917</subfield>
    <subfield code="9">473600</subfield>
    <subfield code="c">&#x421;&#x430;&#x43D;&#x43A;&#x442;-&#x41F;&#x435;&#x442;&#x435;&#x440;&#x431;&#x443;&#x440;&#x433;</subfield>
    <subfield code="d">2008</subfield>
    <subfield code="f">&#x441;&#x43E;&#x441;&#x442;. &#x424;.&#x41C;. &#x41B;&#x443;&#x440;&#x44C;&#x435;</subfield>
    <subfield code="n">&#x41A;&#x43E;&#x43B;&#x43E;</subfield>
    <subfield code="o">&#x445;&#x440;&#x43E;&#x43D;&#x43E;&#x43B;&#x43E;&#x433;&#x438;&#x447;&#x435;&#x441;&#x43A;&#x430;&#x44F; &#x440;&#x43E;&#x441;&#x43F;&#x438;&#x441;&#x44C; &#x441;&#x43E;&#x434;&#x435;&#x440;&#x436;&#x430;&#x43D;&#x438;&#x44F; : [&#x430;&#x43D;&#x43D;&#x43E;&#x442;&#x438;&#x440;&#x43E;&#x432;&#x430;&#x43D;&#x43D;&#x44B;&#x439; &#x445;&#x440;&#x43E;&#x43D;&#x43E;&#x43B;&#x43E;&#x433;&#x438;&#x447;&#x435;&#x441;&#x43A;&#x438;&#x439; &#x443;&#x43A;&#x430;&#x437;&#x430;&#x442;&#x435;&#x43B;&#x44C; &#x441;&#x43E;&#x434;&#x435;&#x440;&#x436;&#x430;&#x43D;&#x438;&#x44F; &#x436;&#x443;&#x440;&#x43D;&#x430;&#x43B;&#x430; "&#x421;&#x442;&#x43E;&#x43B;&#x438;&#x446;&#x430; &#x438; &#x443;&#x441;&#x430;&#x434;&#x44C;&#x431;&#x430;"]</subfield>
    <subfield code="t">&#x421;&#x442;&#x43E;&#x43B;&#x438;&#x446;&#x430; &#x438; &#x443;&#x441;&#x430;&#x434;&#x44C;&#x431;&#x430;</subfield>
    <subfield code="v">1913-1917</subfield>
  </datafield>
  <datafield tag="801" ind1=" " ind2="0">
    <subfield code="a">RU</subfield>
    <subfield code="b">NLR</subfield>
    <subfield code="c">20080714</subfield>
    <subfield code="g">RCR</subfield>
  </datafield>
  <datafield tag="801" ind1=" " ind2="1">
    <subfield code="a">RU</subfield>
    <subfield code="b">NLR</subfield>
    <subfield code="c">20080714</subfield>
  </datafield>
  <datafield tag="942" ind1=" " ind2=" ">
    <subfield code="c">BOOK</subfield>
  </datafield>
  <datafield tag="980" ind1=" " ind2=" ">
    <subfield code="a">NB</subfield>
  </datafield>
  <datafield tag="995" ind1=" " ind2=" ">
    <subfield code="5">2008-06-09</subfield>
    <subfield code="a">aa</subfield>
    <subfield code="b">NLR01</subfield>
    <subfield code="c">NLR01</subfield>
    <subfield code="e">OBM</subfield>
    <subfield code="f">1-4329769</subfield>
    <subfield code="o">0</subfield>
    <subfield code="p">250.00</subfield>
    <subfield code="r">BOOK</subfield>
  </datafield>
  <datafield tag="995" ind1=" " ind2=" ">
    <subfield code="5">2008-07-14</subfield>
    <subfield code="a">ad</subfield>
    <subfield code="b">NLR01</subfield>
    <subfield code="c">NLR01</subfield>
    <subfield code="e">CSB</subfield>
    <subfield code="f">1-1180306</subfield>
    <subfield code="k">&#x421; 2008-2/352</subfield>
    <subfield code="o">0</subfield>
    <subfield code="r">BOOK</subfield>
    <subfield code="s">_20082352</subfield>
  </datafield>
  <datafield tag="995" ind1=" " ind2=" ">
    <subfield code="5">2008-07-14</subfield>
    <subfield code="a">ad</subfield>
    <subfield code="b">NLR01</subfield>
    <subfield code="c">NLR01</subfield>
    <subfield code="e">CSB</subfield>
    <subfield code="f">1-1180307</subfield>
    <subfield code="k">&#x421; 2008-2/352</subfield>
    <subfield code="o">0</subfield>
    <subfield code="r">BOOK</subfield>
    <subfield code="s">_20082352</subfield>
  </datafield>
  <datafield tag="995" ind1=" " ind2=" ">
    <subfield code="5">2008-07-23</subfield>
    <subfield code="a">aa</subfield>
    <subfield code="b">NLR01</subfield>
    <subfield code="c">NLR01</subfield>
    <subfield code="e">RJF02</subfield>
    <subfield code="f">2722187</subfield>
    <subfield code="o">0</subfield>
    <subfield code="p">260.00</subfield>
    <subfield code="r">BOOK</subfield>
  </datafield>
  <datafield tag="995" ind1=" " ind2=" ">
    <subfield code="5">2008-07-23</subfield>
    <subfield code="a">aa</subfield>
    <subfield code="b">NLR02</subfield>
    <subfield code="c">NLR02</subfield>
    <subfield code="e">MARK</subfield>
    <subfield code="f">2722188</subfield>
    <subfield code="o">0</subfield>
    <subfield code="p">260.00</subfield>
    <subfield code="r">BOOK</subfield>
  </datafield>
  <datafield tag="995" ind1=" " ind2=" ">
    <subfield code="5">2008-07-23</subfield>
    <subfield code="a">aa</subfield>
    <subfield code="b">NLR01</subfield>
    <subfield code="c">NLR01</subfield>
    <subfield code="e">CSB04</subfield>
    <subfield code="f">2722189</subfield>
    <subfield code="o">0</subfield>
    <subfield code="p">260.00</subfield>
    <subfield code="r">BOOK</subfield>
  </datafield>
  <datafield tag="995" ind1=" " ind2=" ">
    <subfield code="5">2008-07-23</subfield>
    <subfield code="a">aa</subfield>
    <subfield code="b">NLR01</subfield>
    <subfield code="c">NLR01</subfield>
    <subfield code="e">CSB04</subfield>
    <subfield code="f">2722190</subfield>
    <subfield code="o">0</subfield>
    <subfield code="p">260.00</subfield>
    <subfield code="r">BOOK</subfield>
  </datafield>
  <datafield tag="995" ind1=" " ind2=" ">
    <subfield code="5">2019-03-25</subfield>
    <subfield code="a">aa</subfield>
    <subfield code="b">NLR02</subfield>
    <subfield code="c">NLR02</subfield>
    <subfield code="e">MK</subfield>
    <subfield code="f">1-2642503</subfield>
    <subfield code="o">4</subfield>
    <subfield code="p">288.00</subfield>
    <subfield code="r">BOOK</subfield>
  </datafield>
</record>
